|
|
|
|
| LEADER |
01929nam a2200457 a 4500 |
| 001 |
nkc20051532358 |
| 003 |
CZ PrNK |
| 005 |
20051013083745.0 |
| 007 |
ta |
| 008 |
050531s2005 xr a f 100 0 cze |
| 015 |
|
|
|a cnb001532358
|
| 020 |
|
|
|a 80-7041-199-6
|q (brož.)
|
| 035 |
|
|
|a (OCoLC)85152937
|
| 040 |
|
|
|a BOA001
|b cze
|d ABA001
|
| 041 |
0 |
|
|a cze
|a slo
|
| 072 |
|
7 |
|a 377
|x Odborné vzdělávání
|2 Konspekt
|9 22
|
| 080 |
|
|
|a 373.3.011.3-051
|2 MRF
|
| 080 |
|
|
|a 377.8
|2 MRF
|
| 080 |
|
|
|a (062.534)
|2 MRF
|
| 111 |
2 |
|
|a Příprava učitelů primárního vzdělávání (konference)
|d (2005 :
|c Hradec Králové, Česko)
|7 olak2005266956
|
| 245 |
1 |
0 |
|a Příprava učitelů primárního vzdělávání :
|b sborník příspěvků z vědecké konference s mezinárodní účastí : 7. dubna 2005, Hradec Králové /
|c [editorka Iva Bartošová]
|
| 250 |
|
|
|a Vyd. 1.
|
| 260 |
|
|
|a Hradec Králové :
|b Gaudeamus,
|c 2005
|
| 300 |
|
|
|a 234 s. :
|b il. ;
|c 21 cm
|
| 500 |
|
|
|a Nad názvem: Pedagogická fakulta Univerzity Hradec Králové, Ústav pedagogiky a psychologie pro primární vzdělávání
|
| 500 |
|
|
|a 100 výt.
|
| 504 |
|
|
|a Obsahuje bibliografie a bibliografické odkazy
|
| 546 |
|
|
|a Část. slovenský text
|
| 650 |
0 |
7 |
|a učitelé základních škol
|7 ph191872
|2 czenas
|
| 650 |
0 |
7 |
|a vzdělávání učitelů
|7 ph158324
|2 czenas
|
| 650 |
0 |
9 |
|a elementary school teachers
|2 eczenas
|
| 650 |
0 |
9 |
|a teacher education
|2 eczenas
|
| 655 |
|
7 |
|a sborníky konferencí
|7 fd133333
|2 czenas
|
| 655 |
|
9 |
|a proceedings of conferences
|2 eczenas
|
| 700 |
1 |
|
|a Košek Bartošová, Iva
|7 jx20050503007
|4 edt
|
| 710 |
2 |
|
|a Univerzita Hradec Králové.
|b Ústav pedagogiky a psychologie pro primární vzdělávání
|7 kn20030612010
|
| 910 |
2 |
|
|a BOA001
|b 2-1154.513
|
| 990 |
|
|
|a BK
|
| 995 |
|
|
|a 01
|
| 991 |
|
|
|b 200507
|c NOV
|
| 996 |
6 |
|
|b 2610254354
|c 2-1154.513
|l MZK
|r Sklad / do 1 hodiny
|n 1
|p p.v.
|w 000778907
|u 000010
|a 1
|e BOA001
|j MZK50
|s P
|